000 00523nam a2200157 a 4500
001 000040189
005 20201002033954.0
008 130814s1972 xxuac 000 0 spa d
040 _aDO-SdBNP
_bspa
_cBNPHU
100 1 _aWolf, Eric R.
_966457
245 1 0 _aThe human condition in latin america /
_cEric R. Wolf, Edward C. Hansen.
260 _aLondon :
_bOxford University Press,
_c1972.
300 _a369 p. :
_bils., retrs. ;
_c24 cm.
500 _aIncluye notas al pie de las páginas
700 1 _aHansen, Edward C.,
_966458
999 _c39679
_d39679